| 000 | 01168cam a22003377a 4500 | ||
|---|---|---|---|
| 003 | CHAP | ||
| 005 | 20220329141923.0 | ||
| 008 | 980605d1993 ch r 00110 eng d | ||
| 010 | _a75729 | ||
| 011 | _a76701 | ||
| 020 | _a2831701945 | ||
| 035 | _a86287 | ||
| 040 | _cCHAP | ||
| 082 | 0 | 4 |
_a591 _bG7 |
| 100 | 0 | 0 |
_aGroombridge, Brian _eed. _950787 |
| 245 | 1 | 0 |
_a1994 IUCN red list of threatened animals _c/ed. by Brian Groombridge, Georgina Mace and George Rabb |
| 260 |
_aGland, Switzerland : _bInternational Union for Conservation of Nature and Natural Resources, _c1993. |
||
| 300 |
_a286 p. : _bgráfs. |
||
| 590 |
_aBATCH-UPD _b10 _c20130110 _lUCH01 _h0452 |
||
| 590 |
_aBATCH-UPD _b10 _c20130110 _lUCH01 _h2232 |
||
| 590 |
_aBATCH-UPD _b10 _c20130410 _lUCH01 _h0129 |
||
| 590 |
_aBATCH-UPD _b10 _c20130914 _lUCH01 _h1951 |
||
| 590 |
_aCONVERSION _b10 _c20130109 _lUCH01 _h1341 |
||
| 650 | 1 | 4 |
_aZoología _xClasificación. _9124164 |
| 700 | 0 |
_aMace, Georgina _eed. _969366 |
|
| 700 | 0 |
_aRabb, George _eed. _993624 |
|
| 901 | _aBK | ||
| 905 | _aAlejandra Carrasco M. | ||
| 942 | _cLIBRO | ||
| 949 |
_a591 G7 _bBC _cC _d33724000628574 _eC _gI.182670 _h93241 _i86287 _sb _t$255.00 |
||
| 999 |
_c75729 _d75729 |
||